000 00844nam a2200229 a 4500
001 000003461
005 20200929150441.0
008 090709s2007 dr c 000 0 spa d
020 _a9789945421514
040 _aDO-SdBNP
_bspa
_cBNPHU
082 _a610.6952
_bS678r
100 1 _aSocías Pérez, Rafael
_91118
245 1 3 _aEl rey y el dinosaurio /
_cRafael Socías Pérez ; prefacio Richard A. Deremee.
260 _a[Santo Domingo :
_bs.n.,
_c2007].
300 _a165 p. :
_bretrs. ;
_c23 cm.
590 _aLa biblioteca posee 3 ejemplares autografiadas por el autor.
600 1 4 _aSOCÍAS PÉREZ, RAFAEL,
_xRELATOS PERSONALES
_910775
600 1 4 _aJAMES, GERAINT,
_xCORRESPONDENCIA, MEMORIAS, ETC.
_910776
600 1 4 _aWEGENER, FRIEDRICH,
_xCORRESPONDENCIA, MEMORIAS, ETC.
_910777
700 1 _aDeremee, Richard A.,
_910778
049 _aBNPD
999 _c3290
_d3290